000 01070nam a22002657a 4500
999 _c65961
_d65961
005 20240530110852.0
008 200912s2019 ua a f b 000 0dara d
017 _a2016/16224
_bمصر. دار الكتب
020 _a9789779207742
040 _aEG-CaGPL
_cEG-CaGPL
082 0 4 _221
_a910.40923121\
_bأ ر
100 0 _aاحمد حسين خان
245 1 0 _aرحلة الى الحجاز ومصر /
_cتاليف احمد حسين خان ؛ ترجمة جلال السعيد الحفناوى
250 _aط.1
260 _aالقاهرة :
_bالمركز القومى للترجمة ،
_c2019
300 _a351 ص. ؛
_c24 سم.
490 0 _aالمركز القومى للترجمة ؛
_v2489
504 _aيشتمل على ارجاعات ببليوجرافية
650 0 7 _2qrmak
_aالحج
651 0 7 _2qrmak
_aمكة المكرمة
_xوصف ورحلات
651 0 7 _aمصر
_xوصف ورحلات
_2qrmak
700 0 _aجلال السعيد الحفناوى
_eمترجم
942 _2ddc
_cBK